[Event "45th FIDE Chess Olympiad Open"]
[Site "Budapest, Hungary"]
[Date "2024.09.21"]
[Round "10"]
[White "Wei, Yi"]
[Black "Yakubboev, Nodirbek"]
[Result "1-0"]
[Board "10"]
[WhiteFideId "8603405"]
[BlackFideId "14203987"]
[WhiteTitle "GM"]
[BlackTitle "GM"]
[WhiteElo "2762"]
[BlackElo "2666"]
[WhiteTeam "China"]
[BlackTeam "Uzbekistan"]
[WhiteClock "0:09:36"]
[BlackClock "0:01:01"]
[Variant "Standard"]

1. d4 {[%clk 1:30:54]}  Nf6 {[%clk 1:29:18]} 2. c4 {[%clk 1:31:12]}  e6 {[%clk 1:29:38]} 3. Nc3 {[%clk 1:31:27]}  Bb4 {[%clk 1:29:24]} 4. e3 {[%clk 1:31:40]}  O-O {[%clk 1:29:21]} 5. Nge2 {[%clk 1:31:53]}  Re8 {[%clk 1:27:44]} 6. a3 {[%clk 1:31:48]}  Bf8 {[%clk 1:28:13]} 7. e4 {[%clk 1:32:00]}  d5 {[%clk 1:28:19]} 8. e5 {[%clk 1:32:13]}  Nfd7 {[%clk 1:28:20]} 9. h4 {[%clk 1:32:23]}  c5 {[%clk 1:20:54]} 10. Bg5 {[%clk 1:32:21]}  f6 {[%clk 1:20:15]} 11. exf6 {[%clk 1:32:09]}  gxf6 {[%clk 1:20:44]} 12. Bd2 {[%clk 1:32:02]}  Nc6 {[%clk 1:17:59]} 13. dxc5 {[%clk 1:32:15]}  Nxc5 {[%clk 1:14:00]} 14. Be3 {[%clk 1:32:21]}  dxc4 {[%clk 0:51:50]} 15. Nf4 {[%clk 1:32:32]}  Ne5 {[%clk 0:50:32]} 16. Rh3 {[%clk 1:32:52]}  b6 {[%clk 0:31:20]} 17. Rg3+ {[%clk 0:57:49]}  Kh8 {[%clk 0:31:37]} 18. Qh5 {[%clk 0:57:35]}  Ba6 {[%clk 0:31:21]} 19. Rd1 {[%clk 0:57:38]}  Qc7 {[%clk 0:31:21]} 20. b4 {[%clk 0:46:26]}  Ncd3+ {[%clk 0:29:44]} 21. Bxd3 {[%clk 0:46:08]}  cxd3 {[%clk 0:30:03]} 22. Ne4 {[%clk 0:45:10]}  Bg7 {[%clk 0:27:37]} 23. Kf1 {[%clk 0:29:12]}  Qd7 {[%clk 0:18:16]} 24. Kg1 {[%clk 0:26:51]}  Rad8 {[%clk 0:17:33]} 25. Bc1 {[%clk 0:24:54]}  Qd4 {[%clk 0:13:35]} 26. Rxg7 {[%clk 0:18:13]}  Kxg7 {[%clk 0:08:26]} 27. Nxf6 {[%clk 0:18:35]}  Kxf6 {[%clk 0:08:50]} 28. Qxh7 {[%clk 0:18:44]}  Nf3+ {[%clk 0:03:00]} 29. gxf3 {[%clk 0:19:02]}  Rg8+ {[%clk 0:02:56]} 30. Kh1 {[%clk 0:19:25]}  e5 {[%clk 0:02:27]} 31. Qh6+ {[%clk 0:16:13]}  Ke7 {[%clk 0:02:44]} 32. Qe6+ {[%clk 0:16:38]}  Kf8 {[%clk 0:03:13]} 33. Re1 {[%clk 0:08:04]}  Bb7 {[%clk 0:01:07]} 34. Qf6+ {[%clk 0:04:03]}  Ke8 {[%clk 0:01:36]} 35. Rxe5+ {[%clk 0:03:07]}  Kd7 {[%clk 0:02:05]} 36. Qf5+ {[%clk 0:01:56]}  Kd6 {[%clk 0:02:24]} 37. Qf6+ {[%clk 0:02:22]}  Kd7 {[%clk 0:02:48]} 38. Rd5+ {[%clk 0:02:39]}  Qxd5 {[%clk 0:03:13]} 39. Nxd5 {[%clk 0:03:06]}  Bxd5 {[%clk 0:03:37]} 40. Qf5+ {[%clk 0:00:33]}  Kc6 {[%clk 0:03:46]} 41. Qxd3 {[%clk 0:20:48]}  Rgf8 {[%clk 0:33:18]} 42. Kh2 {[%clk 0:13:59]}  Rxf3 {[%clk 0:28:52]} 43. b5+ {[%clk 0:14:19]}  Kb7 {[%clk 0:27:32]} 44. Qd4 {[%clk 0:14:34]}  Rd7 {[%clk 0:12:45]} 45. Be3 {[%clk 0:14:05]}  Be6 {[%clk 0:10:43]} 46. Qe5 {[%clk 0:13:20]}  Bd5 {[%clk 0:06:46]} 47. h5 {[%clk 0:13:40]}  Rf8 {[%clk 0:04:24]} 48. h6 {[%clk 0:14:05]}  Bf3 {[%clk 0:04:00]} 49. Kg3 {[%clk 0:13:52]}  Ka8 {[%clk 0:03:55]} 50. Bg5 {[%clk 0:09:58]}  Bb7 {[%clk 0:02:15]} 51. f4 {[%clk 0:10:07]}  Rdf7 {[%clk 0:01:53]} 52. Kh4 {[%clk 0:08:40]}  a5 {[%clk 0:01:18]} 53. Kh5 {[%clk 0:07:10]}  Bc8 {[%clk 0:00:46]} 54. Qd6 {[%clk 0:07:37]}  Ka7 {[%clk 0:01:04]} 55. Bd8 {[%clk 0:07:53]}  Rf5+ {[%clk 0:00:39]} 56. Kg6 {[%clk 0:08:21]}  R5f7 {[%clk 0:00:33]} 57. Qxb6+ {[%clk 0:08:38]}  Ka8 {[%clk 0:01:03]} 58. Bc7 {[%clk 0:08:51]}  Bf5+ {[%clk 0:00:53]} 59. Kh5 {[%clk 0:09:12]}  Rf6 {[%clk 0:01:01]} 60. Bd6 {[%clk 0:09:36]} 1-0

[Event "45th FIDE Chess Olympiad Open"]
[Site "Budapest, Hungary"]
[Date "2024.09.21"]
[Round "10"]
[White "Sindarov, Javokhir"]
[Black "Yu, Yangyi"]
[Result "0-1"]
[Board "11"]
[WhiteFideId "14205483"]
[BlackFideId "8603820"]
[WhiteTitle "GM"]
[BlackTitle "GM"]
[WhiteElo "2677"]
[BlackElo "2703"]
[WhiteTeam "Uzbekistan"]
[BlackTeam "China"]
[WhiteClock "0:01:46"]
[BlackClock "0:05:36"]
[Variant "Standard"]

1. e4 {[%clk 1:30:58]}  e5 {[%clk 1:30:47]} 2. Nf3 {[%clk 1:31:18]}  Nc6 {[%clk 1:30:50]} 3. Bc4 {[%clk 1:31:39]}  Nf6 {[%clk 1:31:04]} 4. d3 {[%clk 1:32:03]}  Bc5 {[%clk 1:31:04]} 5. c3 {[%clk 1:32:24]}  d6 {[%clk 1:30:03]} 6. Bg5 {[%clk 1:32:29]}  h6 {[%clk 1:29:27]} 7. Bh4 {[%clk 1:32:54]}  a5 {[%clk 1:21:28]} 8. Nbd2 {[%clk 1:33:07]}  Ba7 {[%clk 1:20:47]} 9. a3 {[%clk 1:33:29]}  Qe7 {[%clk 1:17:10]} 10. O-O {[%clk 1:33:41]}  g5 {[%clk 1:08:15]} 11. Bg3 {[%clk 1:33:40]}  Bg4 {[%clk 1:06:48]} 12. h3 {[%clk 1:25:30]}  Bh5 {[%clk 1:01:43]} 13. Bb5 {[%clk 0:54:07]}  O-O {[%clk 1:01:49]} 14. Re1 {[%clk 0:47:02]}  Nd8 {[%clk 0:53:19]} 15. d4 {[%clk 0:45:28]}  Ne6 {[%clk 0:49:45]} 16. dxe5 {[%clk 0:36:21]}  dxe5 {[%clk 0:49:55]} 17. Be2 {[%clk 0:35:48]}  Bxf3 {[%clk 0:32:55]} 18. Bxf3 {[%clk 0:36:07]}  Rad8 {[%clk 0:32:24]} 19. Qe2 {[%clk 0:34:03]}  Nf4 {[%clk 0:30:32]} 20. Bxf4 {[%clk 0:34:28]}  gxf4 {[%clk 0:30:35]} 21. b4 {[%clk 0:34:49]}  a4 {[%clk 0:25:46]} 22. Red1 {[%clk 0:26:41]}  c6 {[%clk 0:21:01]} 23. Bg4 {[%clk 0:25:54]}  Kh8 {[%clk 0:14:32]} 24. Bf5 {[%clk 0:25:39]}  Ne8 {[%clk 0:14:24]} 25. Nc4 {[%clk 0:16:04]}  Ng7 {[%clk 0:14:53]} 26. Rxd8 {[%clk 0:16:15]}  Rxd8 {[%clk 0:15:22]} 27. Rd1 {[%clk 0:16:24]}  Rxd1+ {[%clk 0:12:00]} 28. Qxd1 {[%clk 0:16:42]}  Qh4 {[%clk 0:11:29]} 29. Nxe5 {[%clk 0:14:12]}  Qxf2+ {[%clk 0:11:13]} 30. Kh1 {[%clk 0:14:37]}  Nh5 {[%clk 0:08:50]} 31. Nf3 {[%clk 0:09:49]}  Ng3+ {[%clk 0:09:14]} 32. Kh2 {[%clk 0:10:18]}  Nf1+ {[%clk 0:09:07]} 33. Kh1 {[%clk 0:10:47]}  Ne3 {[%clk 0:07:53]} 34. Qd2 {[%clk 0:11:02]}  Qf1+ {[%clk 0:06:53]} 35. Kh2 {[%clk 0:11:30]}  Qa1 {[%clk 0:06:26]} 36. Qd8+ {[%clk 0:04:12]}  Kg7 {[%clk 0:06:55]} 37. h4 {[%clk 0:04:35]}  Qb2 {[%clk 0:06:10]} 38. Bh3 {[%clk 0:02:07]}  Nf1+ {[%clk 0:06:16]} 39. Kh1 {[%clk 0:01:46]}  Qc1 {[%clk 0:05:36]} 0-1

[Event "45th FIDE Chess Olympiad Open"]
[Site "Budapest, Hungary"]
[Date "2024.09.21"]
[Round "10"]
[White "Wang, Yue"]
[Black "Vokhidov, Shamsiddin"]
[Result "0-1"]
[Board "12"]
[WhiteFideId "8601429"]
[BlackFideId "14204223"]
[WhiteTitle "GM"]
[BlackTitle "GM"]
[WhiteElo "2637"]
[BlackElo "2650"]
[WhiteTeam "China"]
[BlackTeam "Uzbekistan"]
[WhiteClock "0:11:12"]
[BlackClock "0:14:26"]
[Variant "Standard"]

1. d4 {[%clk 1:30:49]}  Nf6 {[%clk 1:30:29]} 2. c4 {[%clk 1:31:05]}  e6 {[%clk 1:30:46]} 3. Nc3 {[%clk 1:31:16]}  Bb4 {[%clk 1:31:06]} 4. Qc2 {[%clk 1:31:34]}  c5 {[%clk 1:27:37]} 5. dxc5 {[%clk 1:31:38]}  O-O {[%clk 1:28:02]} 6. a3 {[%clk 1:31:26]}  Bxc5 {[%clk 1:28:25]} 7. Nf3 {[%clk 1:31:17]}  Nc6 {[%clk 1:26:18]} 8. Bg5 {[%clk 1:29:58]}  Be7 {[%clk 1:26:42]} 9. e3 {[%clk 1:29:54]}  h6 {[%clk 1:22:48]} 10. Bh4 {[%clk 1:29:41]}  b6 {[%clk 1:18:42]} 11. Be2 {[%clk 1:25:37]}  Bb7 {[%clk 1:19:08]} 12. Rd1 {[%clk 1:19:22]}  Rc8 {[%clk 1:18:17]} 13. O-O {[%clk 1:18:33]}  Na5 {[%clk 1:13:48]} 14. Nd2 {[%clk 1:12:42]}  Ba6 {[%clk 1:02:26]} 15. Qa4 {[%clk 0:49:45]}  d5 {[%clk 0:57:37]} 16. Nb5 {[%clk 0:38:26]}  Qe8 {[%clk 0:52:04]} 17. Bxf6 {[%clk 0:34:40]}  Bxb5 {[%clk 0:39:13]} 18. cxb5 {[%clk 0:34:34]}  Bxf6 {[%clk 0:39:40]} 19. b4 {[%clk 0:35:00]}  Nc4 {[%clk 0:39:56]} 20. Nxc4 {[%clk 0:16:01]}  dxc4 {[%clk 0:40:11]} 21. Rd6 {[%clk 0:16:20]}  c3 {[%clk 0:35:42]} 22. Rfd1 {[%clk 0:13:27]}  Be5 {[%clk 0:32:46]} 23. R6d3 {[%clk 0:13:46]}  a6 {[%clk 0:30:19]} 24. Qc2 {[%clk 0:10:55]}  axb5 {[%clk 0:25:49]} 25. Rd7 {[%clk 0:06:21]}  Ra8 {[%clk 0:26:04]} 26. Bxb5 {[%clk 0:05:28]}  Rxa3 {[%clk 0:24:19]} 27. Qe4 {[%clk 0:04:41]}  Qb8 {[%clk 0:19:22]} 28. g3 {[%clk 0:02:47]}  Bf6 {[%clk 0:18:51]} 29. Bd3 {[%clk 0:02:11]}  g6 {[%clk 0:19:17]} 30. Rb7 {[%clk 0:02:24]}  Qe5 {[%clk 0:13:32]} 31. Rxb6 {[%clk 0:02:13]}  Rd8 {[%clk 0:13:44]} 32. Rc1 {[%clk 0:02:00]}  Ra2 {[%clk 0:11:23]} 33. Rc6 {[%clk 0:02:14]}  Rb2 {[%clk 0:08:33]} 34. Rc4 {[%clk 0:02:08]}  Qd6 {[%clk 0:08:17]} 35. Qf3 {[%clk 0:01:53]}  Kg7 {[%clk 0:06:36]} 36. Be4 {[%clk 0:02:09]}  Qa6 {[%clk 0:05:47]} 37. Rc7 {[%clk 0:01:38]}  Rdd2 {[%clk 0:04:45]} 38. Qg4 {[%clk 0:01:06]}  Bg5 {[%clk 0:03:35]} 39. h4 {[%clk 0:01:19]}  Rxf2 {[%clk 0:02:16]} 40. hxg5 {[%clk 0:01:48]}  h5 {[%clk 0:02:17]} 41. Qd1 {[%clk 0:28:37]}  Rbd2 {[%clk 0:29:36]} 42. Qxd2 {[%clk 0:16:51]}  cxd2 {[%clk 0:28:04]} 43. Kxf2 {[%clk 0:17:15]}  dxc1=Q {[%clk 0:24:38]} 44. Rxc1 {[%clk 0:17:43]}  Qb5 {[%clk 0:24:35]} 45. Rb1 {[%clk 0:17:20]}  Kf8 {[%clk 0:24:56]} 46. Bf3 {[%clk 0:15:40]}  Ke7 {[%clk 0:24:23]} 47. Rb2 {[%clk 0:14:34]}  Kd6 {[%clk 0:22:27]} 48. Rd2+ {[%clk 0:13:56]}  Ke7 {[%clk 0:20:04]} 49. Rb2 {[%clk 0:13:01]}  Qxg5 {[%clk 0:19:18]} 50. b5 {[%clk 0:12:54]}  Qe5 {[%clk 0:18:26]} 51. Rb3 {[%clk 0:10:57]}  Qf5 {[%clk 0:18:09]} 52. e4 {[%clk 0:10:28]}  Qc5+ {[%clk 0:18:20]} 53. Ke1 {[%clk 0:10:52]}  Qc4 {[%clk 0:15:15]} 54. Bd1 {[%clk 0:11:08]}  Qxe4+ {[%clk 0:15:38]} 55. Be2 {[%clk 0:11:08]}  Qh1+ {[%clk 0:15:54]} 56. Kd2 {[%clk 0:11:13]}  Qd5+ {[%clk 0:16:04]} 57. Kc2 {[%clk 0:11:29]}  Qc5+ {[%clk 0:16:24]} 58. Rc3 {[%clk 0:11:35]}  Qb6 {[%clk 0:16:32]} 59. Kb3 {[%clk 0:11:24]}  g5 {[%clk 0:16:45]} 60. Kb4 {[%clk 0:11:16]}  h4 {[%clk 0:16:23]} 61. gxh4 {[%clk 0:10:52]}  gxh4 {[%clk 0:16:49]} 62. Bf3 {[%clk 0:11:14]}  h3 {[%clk 0:17:07]} 63. Bc6 {[%clk 0:11:30]}  Qd4+ {[%clk 0:16:00]} 64. Rc4 {[%clk 0:10:57]}  Qd2+ {[%clk 0:14:39]} 65. Ka4 {[%clk 0:11:13]}  h2 {[%clk 0:14:36]} 66. b6 {[%clk 0:10:12]}  Qd1+ {[%clk 0:14:40]} 67. Kb5 {[%clk 0:10:02]}  h1=Q {[%clk 0:14:13]} 68. Bxh1 {[%clk 0:10:28]}  Qxh1 {[%clk 0:14:30]} 69. Rc7+ {[%clk 0:10:54]}  Kd6 {[%clk 0:14:02]} 70. Rxf7 {[%clk 0:11:12]}  Qh5+ {[%clk 0:14:26]} 0-1

[Event "45th FIDE Chess Olympiad Open"]
[Site "Budapest, Hungary"]
[Date "2024.09.21"]
[Round "10"]
[White "Volokitin, Andrei"]
[Black "Martirosyan, Haik M."]
[Result "1/2-1/2"]
[Board "13"]
[WhiteFideId "14107090"]
[BlackFideId "13306553"]
[WhiteTitle "GM"]
[BlackTitle "GM"]
[WhiteElo "2660"]
[BlackElo "2667"]
[WhiteTeam "Ukraine"]
[BlackTeam "Armenia"]
[WhiteClock "0:01:42"]
[BlackClock "0:21:21"]
[Variant "Standard"]

1. e4 {[%clk 1:30:58]}  e5 {[%clk 1:30:27]} 2. Nf3 {[%clk 1:31:21]}  Nc6 {[%clk 1:30:52]} 3. Bc4 {[%clk 1:31:47]}  Bc5 {[%clk 1:31:09]} 4. O-O {[%clk 1:32:09]}  Nf6 {[%clk 1:31:34]} 5. d3 {[%clk 1:32:36]}  O-O {[%clk 1:31:56]} 6. Re1 {[%clk 1:32:17]}  Ng4 {[%clk 1:30:51]} 7. Rf1 {[%clk 1:32:40]}  Nf6 {[%clk 1:29:47]} 8. h3 {[%clk 1:33:01]}  d5 {[%clk 1:30:12]} 9. exd5 {[%clk 1:33:24]}  Nxd5 {[%clk 1:30:40]} 10. Nbd2 {[%clk 1:33:44]}  Be6 {[%clk 1:21:46]} 11. Ne4 {[%clk 1:33:47]}  Be7 {[%clk 1:20:20]} 12. Nfg5 {[%clk 1:14:34]}  Bf5 {[%clk 1:16:50]} 13. c3 {[%clk 1:12:03]}  Na5 {[%clk 1:06:52]} 14. Qf3 {[%clk 0:56:16]}  Nxc4 {[%clk 1:05:59]} 15. dxc4 {[%clk 0:35:11]}  Bxg5 {[%clk 1:01:44]} 16. Bxg5 {[%clk 0:27:01]}  Bxe4 {[%clk 1:01:01]} 17. Qxe4 {[%clk 0:27:28]}  Nxc3 {[%clk 0:38:33]} 18. Qe3 {[%clk 0:14:31]}  Ne2+ {[%clk 0:35:31]} 19. Kh1 {[%clk 0:14:57]}  f6 {[%clk 0:35:57]} 20. Qxe2 {[%clk 0:15:22]}  fxg5 {[%clk 0:36:23]} 21. Qxe5 {[%clk 0:15:48]}  c6 {[%clk 0:32:55]} 22. Rad1 {[%clk 0:15:31]}  Qf6 {[%clk 0:32:52]} 23. Qxf6 {[%clk 0:10:26]}  Rxf6 {[%clk 0:32:52]} 24. Rfe1 {[%clk 0:08:22]}  Kf8 {[%clk 0:31:14]} 25. Rd7 {[%clk 0:04:19]}  Rf7 {[%clk 0:31:42]} 26. Red1 {[%clk 0:04:10]}  Re7 {[%clk 0:27:50]} 27. Kh2 {[%clk 0:02:58]}  Ke8 {[%clk 0:27:42]} 28. R7d2 {[%clk 0:02:08]}  Kf7 {[%clk 0:25:19]} 29. Kg3 {[%clk 0:02:08]}  Rc8 {[%clk 0:23:59]} 30. Rd7 {[%clk 0:02:15]}  Rc7 {[%clk 0:23:14]} 31. Rxc7 {[%clk 0:01:41]}  Rxc7 {[%clk 0:23:42]} 32. Kg4 {[%clk 0:02:00]}  h6 {[%clk 0:23:56]} 33. Rd8 {[%clk 0:01:59]}  Re7 {[%clk 0:23:23]} 34. Kf3 {[%clk 0:02:00]}  Kg6 {[%clk 0:21:28]} 35. Ra8 {[%clk 0:02:20]}  a6 {[%clk 0:21:05]} 36. Rd8 {[%clk 0:02:27]}  Rf7+ {[%clk 0:20:02]} 37. Ke3 {[%clk 0:02:36]}  Re7+ {[%clk 0:20:30]} 38. Kf3 {[%clk 0:02:48]}  Rf7+ {[%clk 0:20:55]} 39. Ke3 {[%clk 0:03:14]}  Re7+ {[%clk 0:21:21]} 40. Kf3 {[%clk 0:01:42]} 1/2-1/2

[Event "45th FIDE Chess Olympiad Open"]
[Site "Budapest, Hungary"]
[Date "2024.09.21"]
[Round "10"]
[White "Sargsyan, Shant"]
[Black "Ponomariov, Ruslan"]
[Result "1/2-1/2"]
[Board "14"]
[WhiteFideId "13306766"]
[BlackFideId "14103320"]
[WhiteTitle "GM"]
[BlackTitle "GM"]
[WhiteElo "2649"]
[BlackElo "2654"]
[WhiteTeam "Armenia"]
[BlackTeam "Ukraine"]
[WhiteClock "0:13:11"]
[BlackClock "0:22:33"]
[Variant "Standard"]

1. e4 {[%clk 1:29:55]}  c6 {[%clk 1:30:44]} 2. Nf3 {[%clk 1:29:38]}  d5 {[%clk 1:30:55]} 3. Nc3 {[%clk 1:30:01]}  Bg4 {[%clk 1:30:44]} 4. h3 {[%clk 1:30:21]}  Bxf3 {[%clk 1:31:06]} 5. Qxf3 {[%clk 1:30:46]}  e6 {[%clk 1:31:11]} 6. Be2 {[%clk 1:30:56]}  Nf6 {[%clk 1:29:24]} 7. O-O {[%clk 1:29:22]}  Nbd7 {[%clk 1:29:28]} 8. d4 {[%clk 1:22:52]}  dxe4 {[%clk 1:28:56]} 9. Nxe4 {[%clk 1:23:17]}  Nxe4 {[%clk 1:29:19]} 10. Qxe4 {[%clk 1:23:44]}  Nf6 {[%clk 1:28:13]} 11. Qd3 {[%clk 1:18:24]}  Bd6 {[%clk 1:22:06]} 12. Bf3 {[%clk 1:16:30]}  O-O {[%clk 1:20:51]} 13. g3 {[%clk 1:15:22]}  Qc7 {[%clk 1:14:18]} 14. Kg2 {[%clk 1:14:56]}  Rad8 {[%clk 1:11:49]} 15. Qb3 {[%clk 1:10:46]}  Rd7 {[%clk 1:04:02]} 16. Re1 {[%clk 1:07:21]}  Rfd8 {[%clk 0:59:46]} 17. c3 {[%clk 1:04:26]}  g6 {[%clk 0:49:50]} 18. h4 {[%clk 0:49:46]}  h5 {[%clk 0:48:40]} 19. Re2 {[%clk 0:44:11]}  Kg7 {[%clk 0:43:55]} 20. c4 {[%clk 0:37:09]}  Be7 {[%clk 0:35:00]} 21. Bf4 {[%clk 0:36:12]}  Qb6 {[%clk 0:33:07]} 22. Qxb6 {[%clk 0:24:34]}  axb6 {[%clk 0:33:21]} 23. Be3 {[%clk 0:24:58]}  Ng4 {[%clk 0:32:57]} 24. Bxg4 {[%clk 0:23:08]}  hxg4 {[%clk 0:32:50]} 25. d5 {[%clk 0:23:17]}  cxd5 {[%clk 0:32:15]} 26. Bxb6 {[%clk 0:23:37]}  Rc8 {[%clk 0:31:42]} 27. cxd5 {[%clk 0:23:37]}  Rxd5 {[%clk 0:32:01]} 28. Re4 {[%clk 0:20:22]}  Rc2 {[%clk 0:27:49]} 29. Rxg4 {[%clk 0:19:40]}  Bf6 {[%clk 0:27:32]} 30. Rb1 {[%clk 0:16:26]}  Rb5 {[%clk 0:24:06]} 31. Be3 {[%clk 0:16:25]}  Rcxb2 {[%clk 0:23:57]} 32. Rxb2 {[%clk 0:16:44]}  Rxb2 {[%clk 0:24:06]} 33. a4 {[%clk 0:16:23]}  b5 {[%clk 0:22:25]} 34. axb5 {[%clk 0:12:16]}  Rxb5 {[%clk 0:22:23]} 35. Bd4 {[%clk 0:12:44]}  Bxd4 {[%clk 0:22:33]} 36. Rxd4 {[%clk 0:13:11]} 1/2-1/2

[Event "45th FIDE Chess Olympiad Open"]
[Site "Budapest, Hungary"]
[Date "2024.09.21"]
[Round "10"]
[White "Korobov, Anton"]
[Black "Sargissian, Gabriel"]
[Result "1-0"]
[Board "15"]
[WhiteFideId "14105730"]
[BlackFideId "13300881"]
[WhiteTitle "GM"]
[BlackTitle "GM"]
[WhiteElo "2650"]
[BlackElo "2646"]
[WhiteTeam "Ukraine"]
[BlackTeam "Armenia"]
[WhiteClock "0:25:25"]
[BlackClock "0:13:49"]
[Variant "Standard"]

1. d4 {[%clk 1:30:57]}  d5 {[%clk 1:30:36]} 2. c4 {[%clk 1:31:17]}  e6 {[%clk 1:31:00]} 3. Nc3 {[%clk 1:31:40]}  Nf6 {[%clk 1:30:46]} 4. Bg5 {[%clk 1:31:46]}  Be7 {[%clk 1:30:39]} 5. Nf3 {[%clk 1:31:58]}  h6 {[%clk 1:30:37]} 6. Bh4 {[%clk 1:32:23]}  O-O {[%clk 1:29:52]} 7. e3 {[%clk 1:30:27]}  b6 {[%clk 1:29:08]} 8. Be2 {[%clk 1:30:28]}  Bb7 {[%clk 1:27:36]} 9. Bxf6 {[%clk 1:28:49]}  Bxf6 {[%clk 1:28:02]} 10. cxd5 {[%clk 1:29:11]}  exd5 {[%clk 1:28:27]} 11. O-O {[%clk 1:29:35]}  Qe7 {[%clk 1:26:54]} 12. Qb3 {[%clk 1:25:16]}  Rd8 {[%clk 1:22:17]} 13. Rad1 {[%clk 1:24:47]}  c6 {[%clk 1:22:12]} 14. Rfe1 {[%clk 1:24:09]}  Nd7 {[%clk 1:11:58]} 15. Bd3 {[%clk 1:20:11]}  Nf8 {[%clk 0:54:14]} 16. e4 {[%clk 1:19:15]}  dxe4 {[%clk 0:41:51]} 17. Nxe4 {[%clk 1:06:27]}  Ne6 {[%clk 0:41:36]} 18. Bc4 {[%clk 1:02:13]}  Re8 {[%clk 0:32:01]} 19. Ne5 {[%clk 0:57:47]}  Rad8 {[%clk 0:30:26]} 20. Nxf7 {[%clk 0:54:30]}  Kxf7 {[%clk 0:30:01]} 21. Nc5 {[%clk 0:48:46]}  bxc5 {[%clk 0:28:41]} 22. Rxe6 {[%clk 0:48:52]}  Qxe6 {[%clk 0:28:59]} 23. Qxb7+ {[%clk 0:47:34]}  Kf8 {[%clk 0:26:00]} 24. Bxe6 {[%clk 0:46:52]}  Rxe6 {[%clk 0:26:26]} 25. Qxa7 {[%clk 0:43:46]}  Bxd4 {[%clk 0:24:30]} 26. Kf1 {[%clk 0:42:33]}  Kg8 {[%clk 0:24:27]} 27. Qa6 {[%clk 0:41:14]}  Kh8 {[%clk 0:23:24]} 28. Qc4 {[%clk 0:38:12]}  Rde8 {[%clk 0:21:50]} 29. b3 {[%clk 0:37:12]}  Re4 {[%clk 0:21:30]} 30. Qc2 {[%clk 0:36:42]}  R4e7 {[%clk 0:21:46]} 31. h4 {[%clk 0:34:38]}  Rf8 {[%clk 0:17:55]} 32. Rd2 {[%clk 0:30:45]}  Re3 {[%clk 0:16:23]} 33. Qg6 {[%clk 0:26:42]}  Rc3 {[%clk 0:13:49]} 34. Rc2 {[%clk 0:25:25]} 1-0

[Event "45th FIDE Chess Olympiad Open"]
[Site "Budapest, Hungary"]
[Date "2024.09.21"]
[Round "10"]
[White "Hovhannisyan, Robert"]
[Black "Onyshchuk, Volodymyr"]
[Result "1-0"]
[Board "16"]
[WhiteFideId "13302507"]
[BlackFideId "14114038"]
[WhiteTitle "GM"]
[BlackTitle "GM"]
[WhiteElo "2619"]
[BlackElo "2610"]
[WhiteTeam "Armenia"]
[BlackTeam "Ukraine"]
[WhiteClock "0:41:54"]
[BlackClock "0:31:42"]
[Variant "Standard"]

1. e4 {[%clk 1:30:57]}  e5 {[%clk 1:30:29]} 2. Nf3 {[%clk 1:31:19]}  Nc6 {[%clk 1:30:23]} 3. Bb5 {[%clk 1:31:27]}  Nf6 {[%clk 1:29:28]} 4. O-O {[%clk 1:31:32]}  Nxe4 {[%clk 1:29:46]} 5. d4 {[%clk 1:31:49]}  Nd6 {[%clk 1:29:59]} 6. Bxc6 {[%clk 1:32:13]}  dxc6 {[%clk 1:30:23]} 7. dxe5 {[%clk 1:32:40]}  Nf5 {[%clk 1:30:46]} 8. Qxd8+ {[%clk 1:33:03]}  Kxd8 {[%clk 1:31:08]} 9. Rd1+ {[%clk 1:32:14]}  Ke8 {[%clk 1:31:27]} 10. Nc3 {[%clk 1:32:39]}  Be7 {[%clk 1:30:01]} 11. h3 {[%clk 1:30:43]}  h5 {[%clk 1:25:42]} 12. Ne2 {[%clk 1:30:49]}  Bd7 {[%clk 1:20:37]} 13. Bg5 {[%clk 1:29:01]}  Rd8 {[%clk 1:14:33]} 14. Nf4 {[%clk 1:26:57]}  h4 {[%clk 1:07:10]} 15. Rd2 {[%clk 1:06:33]}  Bc8 {[%clk 1:02:28]} 16. Rxd8+ {[%clk 1:06:01]}  Kxd8 {[%clk 1:02:53]} 17. Rd1+ {[%clk 0:55:57]}  Ke8 {[%clk 1:03:06]} 18. e6 {[%clk 0:56:02]}  f6 {[%clk 0:52:48]} 19. Ng6 {[%clk 0:56:20]}  Rh5 {[%clk 0:48:50]} 20. Bxh4 {[%clk 0:52:48]}  Rh6 {[%clk 0:42:29]} 21. Nxe7 {[%clk 0:52:55]}  Kxe7 {[%clk 0:42:52]} 22. Bg3 {[%clk 0:53:01]}  Nxg3 {[%clk 0:43:02]} 23. fxg3 {[%clk 0:53:28]}  Bxe6 {[%clk 0:36:25]} 24. Nd4 {[%clk 0:47:55]}  Bd7 {[%clk 0:35:18]} 25. g4 {[%clk 0:47:03]}  Rh8 {[%clk 0:25:32]} 26. Nf5+ {[%clk 0:39:58]}  Bxf5 {[%clk 0:25:48]} 27. gxf5 {[%clk 0:40:24]}  Rh4 {[%clk 0:24:49]} 28. Rd3 {[%clk 0:40:03]}  Rf4 {[%clk 0:16:31]} 29. g4 {[%clk 0:40:20]}  c5 {[%clk 0:15:22]} 30. Kg2 {[%clk 0:39:47]}  a5 {[%clk 0:07:07]} 31. Kg3 {[%clk 0:35:10]}  Rf1 {[%clk 0:07:05]} 32. Kh4 {[%clk 0:35:36]}  c4 {[%clk 0:03:41]} 33. Rd4 {[%clk 0:19:26]}  b5 {[%clk 0:04:05]} 34. a4 {[%clk 0:19:42]}  Rf2 {[%clk 0:00:51]} 35. axb5 {[%clk 0:19:08]}  Rxc2 {[%clk 0:01:15]} 36. Kh5 {[%clk 0:19:23]}  Rh2 {[%clk 0:00:50]} 37. Kg6 {[%clk 0:15:18]}  Kf8 {[%clk 0:01:13]} 38. Rd7 {[%clk 0:14:16]}  Rxh3 {[%clk 0:01:31]} 39. Rf7+ {[%clk 0:11:44]}  Ke8 {[%clk 0:01:55]} 40. Rxc7 {[%clk 0:11:37]}  Rb3 {[%clk 0:01:24]} 41. Kxg7 {[%clk 0:10:26]}  Rxb2 {[%clk 0:29:00]} 42. Kxf6 {[%clk 0:40:25]}  Rxb5 {[%clk 0:29:17]} 43. Rxc4 {[%clk 0:39:48]}  Rb4 {[%clk 0:29:38]} 44. Rxb4 {[%clk 0:39:49]}  axb4 {[%clk 0:30:04]} 45. Kg7 {[%clk 0:40:14]}  b3 {[%clk 0:30:25]} 46. f6 {[%clk 0:40:40]}  b2 {[%clk 0:30:51]} 47. f7+ {[%clk 0:41:07]}  Kd7 {[%clk 0:31:17]} 48. f8=Q {[%clk 0:41:30]}  b1=Q {[%clk 0:31:42]} 49. Qf5+ {[%clk 0:41:54]} 1-0